000 00325nam a2200133Ia 4500
008 191201s2012 xx 000 0 und d
082 _a620.1
_bRAE
100 _aRAMAMRUTHAM, S
245 0 _aEngineering Machanics
250 _aRep
260 _c2012
_bDhanpat Rai Pubns (P) Ltd
_aNEW DELHI
300 _a807
942 _2ddc
_cBK
999 _c8063
_d8063